000 00379nam a2200133Ia 4500
008 230917s9999||||xx |||||||||||||| ||und||
040 _e93008
_aMAIN
041 _aEnglish
082 _a380 S33M
100 _aSilender Singh
245 0 _aMaterials management: A case study of Escort Ltd, (Motorcycle and Scooter Division) Faridabad, (Haryana)
300 _a141 p.
942 _cTH
999 _c88242
_d88242